书目信息 |
| 题名: |
C++编程艺术
|
|
| 作者: | 斯切尔特, , Schildt, 著 ;曹蓉蓉 , 刘小荷 翻译 | |
| 分册: | ||
| 出版信息: | 北京 清华大学出版社 2005.4 |
|
| 页数: | X,325页 | |
| 开本: | 26cm | |
| 丛书名: | ||
| 单 册: | ||
| 中图分类: | TP312C | |
| 科图分类: | ||
| 主题词: | C语言--C yu yan--程序设计 , C语言--C yu yan , 程序设计--cheng xu she ji | |
| 电子资源: | ||
| ISBN: | 7-302-10017-9 | |
| 000 | 01338cam0 2200337 450 | |
| 001 | 01200502++18 | |
| 005 | 20051124092847.79 | |
| 010 | @a7-302-10017-9@dCNY39.80 | |
| 100 | @a20050716d2005 em y0chiy0121 ea | |
| 101 | 1 | @achi@ceng |
| 102 | @aCN@b110000 | |
| 105 | @ay z 000yy | |
| 200 | 1 | @aC++编程艺术@AC++ bian cheng yi shu@f(美)[斯切尔特]Herbert Schildt著@g曹蓉蓉,刘小荷翻译 |
| 210 | @a北京@c清华大学出版社@d2005.4 | |
| 215 | @aX,325页@d26cm | |
| 304 | @a书名原文:The art of C++ | |
| 306 | @a由美国麦格劳-希尔教育出版公司授权出版 | |
| 314 | @aHerbert Schildt,全球顶尖编程图书作者之一,C、C++、Java和C#编程语言的权威。 | |
| 330 | @a本书揭示了C++程序员创建世界级软件的奥秘,作者通过将C++语言广泛应用于功能强大的编程任务中,全面展示了C++语言的多功能性、敏捷性和艺术性,本书内容包括探索C++的功能,创建内存管理的垃圾回收器子系统等。 | |
| 510 | 1 | @aThe art of C++@zeng |
| 606 | 0 | @aC语言@AC yu yan@x程序设计 |
| 606 | 0 | @aC语言@AC yu yan |
| 606 | 0 | @a程序设计@Acheng xu she ji |
| 690 | @aTP312C@v4 | |
| 701 | 1 | @c(美)@a斯切尔特,@Asi qie er te@bH.@g(Schildt, Herbert)@4著 |
| 701 | 1 | @c(美)@aSchildt,@bH.@g(Schildt, Herbert)@4著 |
| 702 | 0 | @a曹蓉蓉@Acao rong rong@4翻译 |
| 702 | 0 | @a刘小荷@Aliu xiao he@4翻译 |
| 801 | 0 | @aCN@bSRXX@c20051124 |
| 801 | 2 | @aCN@bSRXX@c20051110 |
| 905 | @a10447@dTP312C@eS709 | |
| C++编程艺术/(美)[斯切尔特]Herbert Schildt著/曹蓉蓉,刘小荷翻译.-北京:清华大学出版社,2005.4 |
| X,325页;26cm |
| ISBN 7-302-10017-9:CNY39.80 |
| 本书揭示了C++程序员创建世界级软件的奥秘,作者通过将C++语言广泛应用于功能强大的编程任务中,全面展示了C++语言的多功能性、敏捷性和艺术性,本书内容包括探索C++的功能,创建内存管理的垃圾回收器子系统等。 |
| ● |
| 相关链接 |
|
|
|
正题名:C++编程艺术
索取号:TP312C/S709
 
预约/预借
| 序号 | 登录号 | 条形码 | 馆藏地/架位号 | 状态 | 备注 |
| 1 | 543841 | 205438418 | 自科库301/301自科库 48排5列4层/ [索取号:TP312C/S709] | 在馆 | |
| 2 | 543842 | 205438427 | 自科库301/301自科库 54排5列5层/ [索取号:TP312C/S709] | 在馆 | |
| 3 | 543843 | 205438436 | 自科库301/301自科库 48排4列4层/ [索取号:TP312C/S709] | 在馆 |